| 000 | 01973nam2a2200337 4500 | ||
|---|---|---|---|
| 001 | rc\4048087 | ||
| 005 | 20250611071155.0 | ||
| 010 |
_bВ пер. _d29 р. 45 к. _95500 |
||
| 021 |
_aRU _b[48-26634] |
||
| 035 | _a(NLR Aleph) 008104146 | ||
| 090 |
_a9262683 _c9262683 |
||
| 100 | _a20130415d1948 |||y0rusy50 ca | ||
| 101 | 0 | _arus | |
| 102 | _aRU | ||
| 105 | _aa z ||||| | ||
| 200 | 1 |
_aЭлектропитание _f[авторы: Б.А. Пионтковский, Б.С. Комаров, И.А. Казаринов и др. _gредакционная коллегия: К.Я. Сергейчук и Н.А. Баев] _gМинистерство связи СССР |
|
| 210 |
_aМосква _cСвязьиздат _d1948 _eв Ленинграде _g2-я типография Трансжелдориздата |
||
| 215 |
_a594 с., 4 л. схем. _cил. |
||
| 320 | _aБиблиогр.: с. 573-577 | ||
| 461 | 0 |
_1001rc\4048085 _12001#$aИнженерно-технический справочник по электросвязи$f[Ред. К.Я. Сергейчук и Н.А. Баев]$gМинистерство связи СССР$v6 _99262672 _cМосква _d1942-1963 _fНародный комиссариат связи СССР _nСвязьиздат _tИнженерно-технический справочник по электросвязи _v6 |
|
| 606 |
_aЭлектросвязь _jСправочники _xАппаратура _xИсточники питания _92149739 _3RU\NLR\AUTH\661294738 |
||
| 686 | 1 | _aЗ88-421я2 | |
| 701 | 1 |
_aПионтковский _bБ. А. _gБронислав Александрович _4220 |
|
| 701 | 1 |
_aКомаров _bБ. С. _f1885- _gБорис Сергеевич _4220 |
|
| 701 | 1 |
_aКазаринов _bИ. А. _gИван Алексеевич _4220 |
|
| 801 | 0 |
_aRU _bNLR _gpsbo |
|
| 801 | 1 |
_aRU _bELAR _2rusmarc |
|
| 852 |
_aNLR _jТ94 Г-5/22 (6) |
||
| 942 | _cBOOK | ||
| 980 | _aNB | ||